Význam slobodných povolaní pre ekonomiku EÚ

Na minha lista:
Detalhes bibliográficos
Autor principal: Foltínová, Alžbeta
Formato: Capítulo de Livro
Idioma:eslovaco
Tags: Adicionar Tag
Sem tags, seja o primeiro a adicionar uma tag!

MARC

LEADER 00000nla$a2200000$$$4500
001 0060887
005 20240502071658.3
041 0 |a slo 
044 |a SK 
245 1 0 |a Význam slobodných povolaní pre ekonomiku EÚ  |c Alžbeta Foltínová 
100 1 |a Foltínová, Alžbeta